[Event "RUS-chT Rapid Men 2018"]
[Site "Sochi"]
[Date "2018.10.08"]
[Round "2"]
[White "Ozgibcev, Anatoly"]
[Black "Tekeyev, Zaur"]
[Result "1-0"]
[WhiteElo "2368"]
[BlackElo "2392"]
[Annotator "TA"]
[PlyCount "189"]
[EventDate "2018.10.05"]
[EventType "swiss"]
[EventCountry "RUS"]
[SourceTitle "playchess.com"]
[Source "ChessBase"]
[SourceQuality "1"]

{[%evp 17,189,11,8,0,6,-27,-31,-33,-40,-29,-26,-36,-26,-43,-50,-37,-25,-25,-22,-75,-72,-86,-79,-50,-56,-68,15,-48,-46,-78,2,0,60,5,1,1,53,55,71,68,439,439,427,421,417,397,429,114,124,117,235,235,227,227,227,227,230,230,286,285,284,276,270,246,329,299,407,387,637,303,637,0,620,420,459,408,877,864,838,818,988,608,1375,941,1003,874,866,896,922,693,842,777,605,590,630,459,630,637,790,912,844,732,750,867,1179,0,1290,0,1287,1062,1004,421,1181,373,981,952,890,625,1253,853,846,773,689,0,573,565,521,316,1724,1636,1491,2405,1853,817,1203,936,5104,5840,29954,29956,29953,29958,29960,29960,29956,29953,12427,429,12846,11750,29962,429,7498,29961,29958,29960,4871,7498,29973,29974,29974,29974,29977,29974,29975,29976,29977,29978,29981,29982,29988,29989,29989,29990]} 1. e4 c5 2. c3 e6 3. d3 d5 4. Nd2 Nc6 5. Ngf3 Nf6 6. g3 g6 7. Bg2 Bg7 8. O-O O-O 9. Re1 a5 10. exd5 {A08: King's Indian Attack} (10. a4 b6 11. Nb1 Ba6 12. e5 Nd7 13. Bf4 f6 14. exf6 Qxf6 15. Qd2 e5 16. Bg5 Qxf3 17. Bxf3 Rxf3 {1-0 (34) Amin,B (2661)-Grandelius,N (2641) Baku 2016}) 10... exd5 11. d4 cxd4 12. Nxd4 {Black is slightly better.} Nxd4 13. cxd4 Qb6 $146 ({Predecessor:} 13... a4 14. Nb1 Bg4 15. Qd3 Bf5 16. Qb5 Ne4 17. Be3 Re8 {½-½ (40) Miller,E (2289)-Fedorovsky,M (2497) Fuerth 2016}) 14. Nf3 a4 15. Re2 Ne4 16. Be3 a3 17. Qc1 $1 Bg4 {And now ...Rfc8 would win.} 18. bxa3 (18. Rc2 $11) 18... Qf6 $17 19. Bf4 Bxf3 20. Bxf3 Qxd4 21. Rb1 Rfc8 (21... Nc3 $1 $15 22. Rd2 Qf6) 22. Qe1 (22. Rc2 $1 $11 Rc3 23. Rb4 Rxc2 24. Qxc2) 22... Nc3 $15 {Hoping for ...Qd3.} 23. Rd2 {[#]} Qc5 (23... Qf6 $1 $17 24. Rxd5 Re8) 24. Rxb7 $11 Rxa3 (24... Re8 $11 25. Qc1 Ra7 26. Rxa7 Qxa7) 25. Qe7 ({Better is} 25. Rd7 $1 $14 Ra7 26. Be3) 25... Qxe7 26. Rxe7 d4 ({Black should try} 26... Bf6 $11 27. Rb7 Rd8) 27. Kg2 $14 Bf6 {[#]} 28. Rd7 $1 Ra6 $2 {[%mdl 8192]} (28... Ra5 $14) 29. Bb7 $1 $18 {[%csl LRa6,LRc8]} Raa8 30. Bxc8 Rxc8 31. Bh6 Ne4 32. R2xd4 $2 (32. Rb2 $18 {has better winning chances.}) 32... Bxd4 $16 33. Rxd4 $18 {[%mdl 4096] Endgame KRB-KRN} Nf6 (33... f5 $16) 34. a4 Ra8 {[#]} 35. a5 $1 {[%mdl 512]} Ne8 (35... Rxa5 36. Rd8+) 36. Bd2 Nc7 37. Rc4 Na6 38. Bh6 f6 39. h4 Kf7 40. Be3 Re8 41. Rc6 Re6 42. Rb6 h5 $2 (42... f5 43. h5 gxh5 44. Rb7+ Re7) 43. Rb7+ (43. Kf3 $142 Ke7 44. Rb7+ Ke8 45. Bd4) 43... Re7 $2 (43... Ke8 44. Kf3 Rc6) 44. Rb6 Re6 $1 45. Bd4 Ke7 46. Kf3 Nc7 (46... g5 $142 47. Rb7+ Kd6 48. hxg5 fxg5) 47. Rxe6+ Kxe6 {KB-KN} 48. Ke4 f5+ 49. Kf3 Nb5 50. Be3 Nc7 51. Kf4 Kf6 52. Bd4+ Ke6 53. Kg5 Kf7 54. Kh6 Na6 55. Be5 Nc5 56. Kh7 Na6 57. Bd6 Kf6 58. Kh6 Kf7 59. Kg5 Kg7 60. Be5+ Kf7 61. Bd4 Nc7 {intending ...Ne6+.} 62. Kf4 Ke6 63. Ke3 Kd5 64. Bb6 (64. Kd3 $142 Kc6 65. Kc4) 64... Na6 (64... Ne6 $142 65. a6 Kc6) 65. Bd8 $2 (65. Kf4 {Black must now prevent Kg5.} Ke6 66. Kg5) 65... Nb4 $2 (65... Nc5 66. Bb6 Na6) 66. f3 Na6 67. Be7 Nb8 68. Bb4 Na6 69. Bc3 Nc5 70. Bb4 {aiming for Bxc5.} Na6 $1 71. Ba3 Nc7 72. Bb2 Na6 $2 (72... Ne6 73. a6 Kc6) 73. Kf4 Ke6 74. Kg5 (74. Bd4 $142 Nc7 75. Bb6) 74... Kf7 75. Bd4 Nc7 76. Bb6 Na6 77. g4 fxg4 78. fxg4 hxg4 79. Kxg4 Kf6 80. Kf4 Nb4 81. Bd8+ Ke6 82. Ke4 Kd6 (82... Kd7 $142 83. Bg5 Kd6) 83. Bg5 Ke6 84. Bf4 (84. Bd2 $142 Na6 85. Kd4 Kd6 86. Bc1 Ke6 87. Bf4 Kd7 88. Kd5 Nb4+ 89. Kc4) 84... Na6 (84... Kd7 $142 85. Be3 Kd6) 85. Kd4 Kf5 86. Bg5 Ke6 87. Kc4 Kd6 88. Kb5 {White mates.} Nc7+ 89. Kb6 Kd7 90. Kb7 Ne6 91. a6 {[%cal Ba5a6,Ba6a7][%mdl 32]} Nc5+ 92. Kb6 Na4+ 93. Ka5 Nb2 94. a7 Nc4+ 95. Ka6 {Precision: White = 52%, Black = 35%.} 1-0

[Event "RUS-chT Rapid Men 2018"]
[Site "Sochi"]
[Date "2018.10.08"]
[Round "2"]
[White "Derjabin, Ilja"]
[Black "Remizov, Yaroslav"]
[Result "1-0"]
[WhiteElo "2345"]
[BlackElo "2315"]
[Annotator "NA"]
[PlyCount "81"]
[EventDate "2018.10.05"]
[EventType "swiss"]
[EventCountry "RUS"]
[SourceTitle "playchess.com"]
[Source "ChessBase"]
[SourceQuality "1"]
[TimeControl "900+10"]

1. d4 {[%emt 0:00:00]} d5 {[%emt 0:00:00]} 2. Nc3 {[%emt 0:00:00]} Nf6 {[%emt 0:00:12]} 3. Bg5 {[%emt 0:00:00]} c6 {[%emt 0:01:08]} 4. f3 {[%emt 0:00:32]} Qb6 {[%emt 0:01:12]} 5. Qd2 {[%emt 0:00:17]} h6 {[%emt 0:01:38]} 6. Bh4 {[%emt 0:00:17]} Bf5 {[%emt 0:01:02]} 7. O-O-O {[%emt 0:02:23]} Nbd7 {[%emt 0:00:15]} 8. g4 {[%emt 0:02:04]} Bh7 {[%emt 0:00:20]} 9. e3 {[%emt 0:00:08]} e5 {[%emt 0:01:27]} 10. Bd3 {[%emt 0:00:18]} Bxd3 {[%emt 0:01:44]} 11. Qxd3 {[%emt 0:00:02]} Bb4 {[%emt 0:00:16]} 12. a3 {[%emt 0:00:22]} e4 {[%emt 0:00:39]} 13. Qd2 {[%emt 0:01:34]} Bxc3 {[%emt 0:00:58]} 14. Qxc3 {[%emt 0:00:02]} exf3 {[%emt 0:01:00]} 15. Bxf6 {[%emt 0:00:37]} Nxf6 {[%emt 0:00:19]} 16. Nxf3 {[%emt 0:00:04]} Ne4 {[%emt 0:00:15]} 17. Qe1 {[%emt 0:00:01]} O-O-O {[%emt 0:00:19]} 18. Rf1 {[%emt 0:00:12]} f6 {[%emt 0:00:17]} 19. Rd3 {[%emt 0:00:11]} h5 {[%emt 0:00:58]} 20. gxh5 {[%emt 0:01:21]} Rxh5 {[%emt 0:00:02]} 21. h4 {[%emt 0:00:06]} Qc7 {[%emt 0:00:41]} 22. Rg1 {[%emt 0:00:18]} Rf5 {[%emt 0:01:03]} 23. Qe2 {[%emt 0:00:06]} g5 {[%emt 0:00:51]} 24. hxg5 {[%emt 0:00:05]} fxg5 {[%emt 0:00:01]} 25. Rdd1 {[%emt 0:01:00]} Kb8 {[%emt 0:01:19]} 26. Ne5 {[%emt 0:00:20]} Rf2 {[%emt 0:00:17]} 27. Qg4 {[%emt 0:00:01]} c5 {[%emt 0:00:38]} 28. Rdf1 {[%emt 0:00:44]} Rxc2+ {[%emt 0:00:25]} 29. Kxc2 {[%emt 0:00:11]} cxd4+ {[%emt 0:00:01]} 30. Kd3 {[%emt 0:00:15]} dxe3 {[%emt 0:00:12]} 31. Nd7+ {[%emt 0:02:48]} Rxd7 {[%emt 0:00:19]} 32. Rf8+ Rd8 33. Rxd8+ {[%emt 0:00:03]} Qxd8 34. Qf5 a6 {[%emt 0:00:36]} 35. Qe5+ {[%emt 0:00:04]} Ka7 {[%emt 0:00:03]} 36. Qd4+ {[%emt 0:00:04]} Qb6 {[%emt 0:00:09]} 37. Kxe3 {[%emt 0:00:19]} a5 {[%emt 0:00:21]} 38. Qxb6+ Kxb6 39. Kd4 {[%emt 0:00:24]} Kc6 {[%emt 0:00:00]} 40. Rh1 {[%emt 0:00:01]} Nc5 {[%emt 0:00:30]} 41. Rc1 {[%emt 0:00:13]} 1-0

[Event "RUS-chT Rapid Men 2018"]
[Site "Sochi"]
[Date "2018.10.08"]
[Round "2"]
[White "Murzin, Volodar"]
[Black "Hasangatin, Ramil"]
[Result "1/2-1/2"]
[WhiteElo "2340"]
[BlackElo "2485"]
[Annotator "TA"]
[PlyCount "70"]
[EventDate "2018.10.05"]
[EventType "swiss"]
[EventCountry "RUS"]
[SourceTitle "playchess.com"]
[Source "ChessBase"]
[SourceQuality "1"]

{[%evp 9,70,37,38,36,36,37,44,21,28,14,22,18,27,7,33,16,21,2,11,0,8,23,18,8,27,-7,0,-19,-19,-10,-15,-14,-4,-13,0,0,0,0,0,6,0,0,7,8,8,-10,0,0,0,0,0,0,0,0,0,0,0,0,0,0,0,0,0]} 1. e4 d5 2. exd5 Qxd5 3. Nc3 Qd6 4. Nf3 Nf6 5. Be2 (5. h3 g6 6. Bc4 Bg7 7. d3 O-O 8. O-O a6 9. a4 c5 10. Re1 Nc6 11. Ne4 Nxe4 12. dxe4 Nd4 {1-0 (53) Anton Guijarro,D (2627)-Vakhidov,J (2578) Almaty 2016}) 5... c6 6. O-O {B01: Scandinavian Defence} Bg4 7. h3 Bh5 8. d3 {White is slightly better.} e6 9. Ng5 Bg6 10. Nge4 $146 ({Predecessor:} 10. Be3 Nbd7 11. Nge4 Qc7 12. Nxf6+ Nxf6 {0-1 (52) Korab,B (1585)-Chandler,J (1718) ICCF email 2013}) 10... Nxe4 11. Nxe4 Qd8 12. Bd2 Be7 13. Bc3 O-O 14. Bh5 Nd7 15. Bxg6 hxg6 16. Qf3 (16. Re1 {seems wilder.} Qc7 17. Qf3 a5 18. a4 b5 19. b3) 16... Nf6 17. Nxf6+ (17. Rfe1 {feels hotter.} Nd5 18. Be5 f6 19. Bg3 e5 20. Rad1) 17... Bxf6 {The position is equal.} 18. Bxf6 (18. a4 {keeps more tension.} Qe7 19. Rfe1 Rfd8 20. Re4 Rd5 21. g3) 18... Qxf6 19. Qxf6 gxf6 $11 {[%mdl 4096] Endgame KRR-KRR} 20. a4 a5 21. Rfb1 Rfb8 22. b4 axb4 23. Rxb4 Kf8 24. Rab1 Ra7 25. Rb6 Rxa4 {[#]} 26. Rxc6 $1 {[%mdl 512]} b5 (26... bxc6 27. Rxb8+) 27. c3 Rb7 28. Rc5 b4 {Threatens to win with ...b3.} 29. Rc4 {[%cal Rc4b4]} Ra3 30. cxb4 Rxd3 31. b5 Rd5 32. b6 {[#] And now Rc7 would win.} Rd6 33. Rcb4 f5 34. h4 Ke7 35. R4b2 e5 {Precision: White = 50%, Black = 71%.} 1/2-1/2

[Event "RUS-chT Rapid Men 2018"]
[Site "Sochi"]
[Date "2018.10.08"]
[Round "2"]
[White "Inozemtsev, Sergei"]
[Black "Rozhko, Dmitry"]
[Result "1/2-1/2"]
[WhiteElo "2310"]
[BlackElo "2305"]
[Annotator "TA"]
[PlyCount "142"]
[EventDate "2018.10.05"]
[EventType "swiss"]
[EventCountry "RUS"]
[SourceTitle "playchess.com"]
[Source "ChessBase"]
[SourceQuality "1"]

{[%evp 9,142,-16,-16,-21,9,0,0,0,-4,-12,0,-7,-5,0,0,-20,-12,-25,-12,-10,0,-6,17,-9,3,-6,0,0,15,14,13,0,4,0,2,8,13,14,18,22,38,0,0,-27,-39,-23,-24,-45,-27,-109,-102,-119,-101,-108,-19,-31,-22,-22,-22,-18,-17,-35,-35,-70,-71,-72,-82,-70,-53,-53,-20,-20,-22,-22,-18,-35,-26,-35,-28,-22,-7,-4,0,0,0,0,0,0,0,0,0,0,0,0,8,0,0,0,0,0,0,0,15,16,40,44,54,3,4,0,0,0,0,0,0,0,0,0,0,0,0,0,0,0,0,0,0,0,0,0,0,0,0,0,0]} 1. e4 e6 2. d3 d5 3. Qe2 Be7 4. Nf3 b6 (4... Nf6 5. g3 c5 6. Bg2 Nc6 7. O-O b6 8. e5 Nd7 9. c4 dxc4 10. dxc4 Bb7 11. Nc3 h6 12. Rd1 a6 13. h4 Qc7 14. h5 O-O-O 15. Bf4 g5 16. hxg6 fxg6 17. Nd5 Qb8 18. Bh3 exd5 {1-0 (34) Carlsen,M (2834)-Gorozhanin,M (2435) chess.com INT 2018}) 5. Nc3 $146 ({Predecessor:} 5. g3 Bb7 6. Bg2 Nf6 7. Nbd2 dxe4 8. dxe4 Nc6 9. c3 O-O 10. e5 Nd7 {0-1 (39) Zetocha,C (2381)-Lednicky,M (2235) Slovakia 2009}) 5... Bb7 6. g3 {C00: French: Unusual White 2nd moves} dxe4 7. Nxe4 Nf6 8. Nxf6+ Bxf6 9. Bg2 O-O 10. O-O Nd7 11. d4 c5 12. dxc5 Nxc5 {White should prevent ...Ba6.} 13. Rd1 Qe7 14. c3 Rfd8 15. Be3 e5 16. Qb5 Qc7 17. Bxc5 bxc5 18. Qe2 Rab8 19. Rxd8+ Rxd8 20. Nd2 Bxg2 21. Kxg2 Qb7+ 22. Ne4 Be7 23. f3 f5 24. Nf2 Bf6 25. Qc2 g6 $36 {[%mdl 2048] Black is pushing.} 26. Qb3+ Qxb3 27. axb3 $11 {[%mdl 4096] Endgame KRB-KRN} Rd2 28. Rxa7 Rxb2 {Threatens to win with ...e4.} 29. Rc7 {[#]} (29. Kf1 $11) 29... e4 $1 $17 {[%cal Re4e3]} 30. fxe4 Bxc3 31. Kf1 {[#]} Bd4 ({Of course not} 31... Rxb3 $6 32. Rxc5 Bd4 33. Rc2 $11) (31... Rb1+ $1 $17 32. Ke2 Bd4) 32. Nd3 $11 Rb1+ 33. Ke2 fxe4 34. Nxc5 Rb2+ 35. Kf1 e3 {( -> ...e2+)} 36. Nd3 Rd2 37. Nf4 Rxh2 38. Rc4 Rd2 (38... Rf2+ {seems wilder.} 39. Ke1 Rd2 40. Ne2 Bb6 41. Rb4 Rd6) 39. Ne2 Be5 40. Re4 Bd6 41. Rxe3 Kf7 42. Ke1 Rb2 43. Rd3 Bb4+ 44. Kf2 Kf6 45. Kf3 g5 46. g4 Rb1 47. Ng3 Ke5 48. Re3+ Kd5 49. Rd3+ Ke5 50. Re3+ Kd5 51. Rd3+ Kc6 52. Re3 Bd2 53. Rd3 Bf4 54. Nh5 Be5 55. Ke4 Bd6 56. Kf5 h6 57. Kg6 Rg1 58. Nf6 ({White should try} 58. Rd4 $14) 58... Be5 {The position is equal.} 59. Nd7 Bb2 60. Kh5 Rh1+ 61. Kg6 Rg1 62. Kh5 Rh1+ 63. Kg6 Rh4 64. Kf5 Rh1 65. Kg6 Rh4 66. Kf5 Rh1 67. Kg6 Rg1 68. Kh5 Rh1+ 69. Kg6 Rh4 70. Kf5 Rh2 71. Kg6 Rh4 {Precision: White = 63%, Black = 54%.} 1/2-1/2

[Event "RUS-chT Rapid Men 2018"]
[Site "Sochi"]
[Date "2018.10.08"]
[Round "2"]
[White "Jary, Sergey"]
[Black "Lysyj, Igor"]
[Result "1/2-1/2"]
[WhiteElo "2286"]
[BlackElo "2631"]
[Annotator "TA"]
[PlyCount "86"]
[EventDate "2018.10.05"]
[EventType "swiss"]
[EventCountry "RUS"]
[SourceTitle "playchess.com"]
[Source "ChessBase"]
[SourceQuality "1"]

{[%evp 16,86,37,31,42,0,0,6,12,0,0,-50,-14,-107,-74,-104,-90,-156,-61,-59,-50,-93,-106,-106,-108,-118,-47,-59,-53,-129,-133,-134,-124,-163,-144,-152,-152,-156,-157,-185,-154,-204,-95,-104,-69,-81,-82,-77,-45,-54,-34,-36,-8,-15,0,-17,0,-14,0,0,-5,-33,-23,-30,0,-2,-3,-23,-4,-17,0,-15,0]} 1. d4 d5 2. Nf3 Nf6 3. g3 e6 4. Bg2 Be7 5. c4 O-O 6. O-O Nbd7 7. Nbd2 c6 8. Qc2 b6 {[%cal Bb7b6,Bb6b5][%mdl 32]} 9. e4 {[%cal Be2e4,Be4e5][%mdl 32]} dxc4 {E09: Closed Catalan: Main Line: 7 Qc2 c6 8 Nbd2} (9... Ba6 10. e5 Ne8 11. Re1 Rc8 12. cxd5 cxd5 13. Qd1 Qc7 14. Nb1 Qc2 15. Nc3 Qxd1 16. Rxd1 Nc7 17. h4 Nb5 {½-½ (69) Yu,Y (2751)-Le,Q (2737) Huaian 2017}) 10. e5 Nd5 11. Nxc4 Bb7 12. h4 h6 13. Nfd2 $146 ({Predecessor:} 13. Qe4 b5 14. Ne3 c5 15. Qg4 Kh8 16. dxc5 Bxc5 17. Nxd5 Bxd5 18. Bf4 {½-½ (31) L'Ami,E (2611)-Erdos,V (2624) Heraklio 2017}) 13... b5 14. Na3 (14. Nd6 $11 Bxd6 15. exd6) 14... Qb6 15. Nf3 c5 16. dxc5 (16. Qe2 $142) 16... Nxc5 ({Black should play} 16... Bxc5 $17 17. Bf4 Rac8) 17. Qe2 $1 $15 a6 18. Be3 Nxe3 19. Qxe3 Rfd8 $36 {[%mdl 2048] Black is really pushing.} 20. Rfd1 Bd5 (20... Rxd1+ $17 21. Rxd1 Rd8 22. Rxd8+ Qxd8) 21. Nc2 Qb7 22. Nfe1 {[#]} (22. Nb4 $15) 22... Bxg2 $1 $17 23. Nxg2 {[#]} Na4 $1 {[%cal Bc5a4,Ba4b2,Bb2c4][%mdl 32]} 24. b4 Nb2 25. Rxd8+ Rxd8 26. Nge1 Nc4 27. Qf4 Rd5 28. Nf3 Qd7 (28... Rd3 $19 {and Black stays clearly on top.} 29. Nce1 Ra3) 29. Kg2 Qc6 {Hoping for ...Nxe5.} 30. Qe4 $1 Qc7 31. Re1 Bf8 32. Ne3 Nxe3+ 33. Rxe3 Qc1 34. a3 Rd1 35. Ne1 Rd5 36. Nd3 Qc7 37. Nf4 Rd1 38. Re1 Rxe1 39. Qxe1 Qc4 40. Qe3 g6 41. Nd3 Qb3 42. Nf4 Qc4 43. Nd3 Qb3 {Precision: White = 40%, Black = 40%.} 1/2-1/2

[Event "RUS-chT Rapid Men 2018"]
[Site "Sochi"]
[Date "2018.10.08"]
[Round "2"]
[White "Uzhva, Andrey"]
[Black "Pingin, Artem"]
[Result "1-0"]
[WhiteElo "2270"]
[BlackElo "1981"]
[Annotator "NA"]
[PlyCount "105"]
[EventDate "2018.10.05"]
[EventType "swiss"]
[EventCountry "RUS"]
[SourceTitle "playchess.com"]
[Source "ChessBase"]
[SourceQuality "1"]
[TimeControl "900+10"]

1. Nf3 {[%emt 0:00:00]} d5 {[%emt 0:00:00]} 2. d4 {[%emt 0:00:00]} Nf6 {[%emt 0:00:00]} 3. g3 {[%emt 0:00:00]} e6 {[%emt 0:00:00]} 4. Bg2 {[%emt 0:00:00]} Be7 {[%emt 0:00:00]} 5. c4 {[%emt 0:00:00]} O-O {[%emt 0:00:01]} 6. O-O {[%emt 0:00:02]} c6 {[%emt 0:00:02]} 7. Nc3 {[%emt 0:00:02]} Nbd7 {[%emt 0:00:28]} 8. b3 {[%emt 0:00:02]} b6 {[%emt 0:00:19]} 9. Qc2 {[%emt 0:00:03]} Bb7 {[%emt 0:00:05]} 10. Rd1 {[%emt 0:00:04]} Rc8 {[%emt 0:00:13]} 11. e4 {[%emt 0:00:02]} dxe4 {[%emt 0:01:11]} 12. Nxe4 {[%emt 0:00:04]} c5 {[%emt 0:00:08]} 13. Nxf6+ {[%emt 0:00:13]} Bxf6 {[%emt 0:00:02]} 14. Ng5 {[%emt 0:00:10]} Bxg5 {[%emt 0:00:27]} 15. Bxb7 {[%emt 0:00:02]} Rc7 {[%emt 0:00:12]} 16. dxc5 {[%emt 0:00:19]} Bxc1 {[%emt 0:01:09]} 17. Raxc1 {[%emt 0:01:25]} Rxb7 {[%emt 0:01:06]} 18. c6 {[%emt 0:00:06]} Rc7 {[%emt 0:00:14]} 19. Rxd7 {[%emt 0:00:28]} Rxd7 {[%emt 0:00:02]} 20. cxd7 {[%emt 0:00:01]} Qxd7 {[%emt 0:00:05]} 21. Rd1 {[%emt 0:00:03]} Qc6 {[%emt 0:00:18]} 22. Qd3 {[%emt 0:00:37]} h6 {[%emt 0:03:21]} 23. Qd7 {[%emt 0:01:20]} Qf3 {[%emt 0:00:31]} 24. Rc1 {[%emt 0:06:22]} Ra8 {[%emt 0:02:07]} 25. h4 {[%emt 0:03:25]} Qe2 {[%emt 0:00:55]} 26. Qb7 {[%emt 0:00:23]} Rd8 {[%emt 0:00:48]} 27. Qxa7 {[%emt 0:00:02]} Rd2 {[%emt 0:00:03]} 28. Qxb6 {[%emt 0:00:04]} Rxa2 {[%emt 0:00:14]} 29. Qe3 {[%emt 0:02:06]} Qxe3 {[%emt 0:01:26]} 30. fxe3 {[%emt 0:00:01]} Rb2 {[%emt 0:00:04]} 31. Rc3 {[%emt 0:00:05]} Kf8 {[%emt 0:00:02]} 32. c5 {[%emt 0:00:33]} Ke8 {[%emt 0:00:03]} 33. c6 {[%emt 0:00:02]} Kd8 {[%emt 0:00:01]} 34. Kf1 {[%emt 0:00:06]} Kc7 {[%emt 0:00:06]} 35. Ke1 {[%emt 0:00:27]} f6 {[%emt 0:02:38]} 36. Kd1 {[%emt 0:00:02]} g5 {[%emt 0:00:01]} 37. Kc1 {[%emt 0:00:15]} Rf2 {[%emt 0:00:16]} 38. b4 {[%emt 0:00:15]} Rf5 {[%emt 0:00:06]} 39. Kc2 {[%emt 0:00:25]} gxh4 {[%emt 0:00:35]} 40. gxh4 {[%emt 0:00:01]} Rb5 {[%emt 0:00:48]} 41. Kb3 {[%emt 0:00:04]} Rh5 {[%emt 0:00:08]} 42. Rc4 {[%emt 0:00:20]} Re5 {[%emt 0:00:02]} 43. Ka4 {[%emt 0:01:10]} Rxe3 {[%emt 0:01:18]} 44. b5 {[%emt 0:00:01]} Re1 {[%emt 0:00:19]} 45. b6+ {[%emt 0:00:04]} Kxb6 {[%emt 0:00:01]} 46. c7 {[%emt 0:00:03]} Ra1+ {[%emt 0:00:01]} 47. Kb3 {[%emt 0:00:01]} Ra8 {[%emt 0:00:16]} 48. c8=Q {[%emt 0:00:03]} Rxc8 {[%emt 0:00:01]} 49. Rxc8 {[%emt 0:00:01]} f5 {[%emt 0:00:03]} 50. Kc4 {[%emt 0:00:04]} e5 {[%emt 0:00:02]} 51. Kd5 {[%emt 0:00:01]} e4 {[%emt 0:00:01]} 52. Kd4 {[%emt 0:00:01]} Kb5 {[%emt 0:00:04]} 53. Rh8 {[%emt 0:00:06]} 1-0

[Event "RUS-chT Rapid Men 2018"]
[Site "Sochi"]
[Date "2018.10.08"]
[Round "2"]
[White "Nuristani, Iman"]
[Black "Dilmukhametov, Artur"]
[Result "1/2-1/2"]
[WhiteElo "2242"]
[BlackElo "2353"]
[Annotator "NA RC"]
[PlyCount "147"]
[EventDate "2018.10.05"]
[EventType "swiss"]
[EventCountry "RUS"]
[SourceTitle "playchess.com"]
[Source "ChessBase"]
[SourceQuality "1"]
[TimeControl "900+10"]

1. d4 {[%emt 0:00:00]} d5 {[%emt 0:00:00]} 2. c4 {[%emt 0:00:00]} c6 {[%emt 0:00:00]} 3. cxd5 {[%emt 0:00:00]} cxd5 {[%emt 0:00:00]} 4. Bg5 {[%emt 0:00:00]} Qb6 {[%emt 0:00:14]} 5. Nc3 {[%emt 0:00:00]} e6 {[%emt 0:00:05]} 6. Qd2 {[%emt 0:00:43]} Nf6 {[%emt 0:00:28]} 7. Bxf6 {[%emt 0:00:05]} gxf6 {[%emt 0:00:01]} 8. e3 {[%emt 0:00:38]} Nc6 {[%emt 0:01:49]} 9. Nf3 {[%emt 0:01:09]} Bd7 {[%emt 0:01:26]} 10. Bd3 {[%emt 0:01:12]} Na5 {[%emt 0:00:55]} 11. Qe2 {[%emt 0:02:28]} Nc4 {[%emt 0:01:55]} 12. Bxc4 {[%emt 0:01:35]} dxc4 {[%emt 0:00:02]} 13. O-O {[%emt 0:00:02]} Rc8 {[%emt 0:01:49]} 14. e4 {[%emt 0:00:10]} Bg7 {[%emt 0:00:57]} 15. e5 {[%emt 0:03:44]} O-O {[%emt 0:01:21]} 16. Ne4 {[%emt 0:00:49]} fxe5 {[%emt 0:00:05]} 17. dxe5 {[%emt 0:00:04]} Bc6 {[%emt 0:01:03]} 18. Ng3 {[%emt 0:02:08]} Bxf3 {[%emt 0:02:46]} 19. gxf3 {[%emt 0:00:01]} Qd4 {[%emt 0:00:12]} 20. Rfe1 {[%emt 0:01:50]} Rc5 {[%emt 0:00:09]} 21. Qe4 {[%emt 0:00:52]} Rxe5 {[%emt 0:01:48]} 22. Qxb7 {[%emt 0:00:01]} Rxe1+ {[%emt 0:00:01]} 23. Rxe1 {[%emt 0:00:01]} Qxb2 {[%emt 0:00:02]} 24. Qc6 {[%emt 0:00:35]} Qxa2 {[%emt 0:00:38]} 25. Ne4 {[%emt 0:00:04]} Qb3 {[%emt 0:01:01]} 26. Kg2 {[%emt 0:00:05]} c3 {[%emt 0:00:06]} 27. Re3 {[%emt 0:00:24]} Qd5 {[%emt 0:00:11]} 28. Qc7 {[%emt 0:00:01]} Kh8 {[%emt 0:00:14]} 29. Nxc3 {[%emt 0:00:04]} Qg5+ {[%emt 0:00:03]} 30. Kh1 {[%emt 0:00:14]} Bd4 {[%emt 0:00:02]} 31. Ne4 {[%emt 0:00:08]} Qf5 {[%emt 0:00:16]} 32. Qd6 {[%emt 0:00:06]} Bg7 {[%emt 0:00:05]} 33. Ng3 {[%emt 0:00:02]} Qb5 {[%emt 0:00:10]} 34. Kg2 {[%emt 0:00:02]} h5 {[%emt 0:00:10]} 35. Rc3 {[%emt 0:00:16]} Qg5 {[%emt 0:00:22]} 36. Rc5 {[%emt 0:00:02]} e5 {[%emt 0:00:00]} 37. h4 {[%emt 0:00:07]} Qxh4 {[%emt 0:00:09]} 38. Rxe5 {[%emt 0:00:02]} f5 {[%emt 0:00:31]} 39. Re7 {[%emt 0:01:13]} Qg5 {[%emt 0:00:04]} 40. Re6 {[%emt 0:00:07]} Rf6 {[%emt 0:00:13]} 41. Rxf6 {[%emt 0:00:02]} Bxf6 {[%emt 0:00:01]} 42. Qf8+ {[%emt 0:00:01]} Kh7 {[%emt 0:00:02]} 43. Qf7+ {[%emt 0:00:01]} Bg7 {[%emt 0:00:03]} 44. Kh2 {[%emt 0:00:47]} Qh4+ {[%emt 0:00:13]} 45. Kg2 {[%emt 0:00:01]} Qg5 {[%emt 0:00:03]} 46. Kh2 {[%emt 0:00:01]} Qg6 {[%emt 0:00:12]} 47. Qxa7 {[%emt 0:00:18]} h4 {[%emt 0:00:02]} 48. Ne2 {[%emt 0:00:02]} Qd6+ {[%emt 0:00:37]} 49. Kg2 {[%emt 0:00:07]} Qd1 {[%emt 0:00:19]} 50. Ng1 {[%emt 0:00:10]} Qd6 {[%emt 0:00:11]} 51. Nh3 {[%emt 0:00:09]} Qg6+ {[%emt 0:00:04]} 52. Kh2 {[%emt 0:00:05]} Qd6+ {[%emt 0:00:02]} 53. Kg2 {[%emt 0:00:01]} Kg6 {[%emt 0:00:03]} 54. Qe3 {[%emt 0:00:04]} Bh6 {[%emt 0:00:02]} 55. Qe8+ {[%emt 0:00:02]} Kf6 {[%emt 0:00:04]} 56. Qh5 {[%emt 0:00:03]} Qd2 {[%emt 0:00:31]} 57. Qxh4+ Ke6 {[%emt 0:00:08]} 58. Qh5 {[%emt 0:00:20]} Kf6 {[%emt 0:00:10]} 59. Qh4+ {[%emt 0:00:09]} Kg6 {[%emt 0:00:07]} 60. Qc4 {[%emt 0:00:04]} Qd8 {[%emt 0:00:05]} 61. Qe6+ {[%emt 0:00:07]} Qf6 {[%emt 0:00:01]} 62. Qxf6+ {[%emt 0:00:03]} Kxf6 {[%emt 0:00:01]} 63. f4 {[%emt 0:00:02]} Ke6 {[%emt 0:00:28]} 64. Kf3 {[%emt 0:00:03]} Kd5 {[%emt 0:00:20]} 65. Ng5 {[%emt 0:00:01]} Bg7 {[%emt 0:00:01]} 66. Nf7 {[%emt 0:00:09]} Bd4 {[%emt 0:00:02]} 67. Ng5 {[%emt 0:00:07]} Bc5 {[%emt 0:00:03]} 68. Nh3 {[%emt 0:00:02]} Bd4 {[%emt 0:00:03]} 69. Ng1 {[%emt 0:00:01]} Bf6 {[%emt 0:00:05]} 70. Ne2 {[%emt 0:00:01]} Ke6 {[%emt 0:00:09]} 71. Ke3 {[%emt 0:00:05]} Kd5 {[%emt 0:00:03]} 72. Ng3 {[%emt 0:00:09]} Bd4+ {[%emt 0:00:06]} 73. Kf3 {[%emt 0:00:05]} Ke6 {[%emt 0:00:02]} 74. Ne2 {[%emt 0:00:15] Ke5} 1/2-1/2